Explaining multiple patterns of offending across the life course and across generations

Saved in:  
Bibliographic Details
Main Author: Thornberry, Terence P. (Author)
Format: Print Article
Language:English
Published: 2005
In: Developmental criminology and its discontents
Year: 2005, Pages: 156-195
Check availability: HBZ Gateway
Keywords:

MARC

LEADER 00000caa a2200000 c 4500
001 1382815379
003 DE-627
005 20220528120801.0
007 tu
008 091109s2005 xx ||||| 00| ||eng c
035 |a (DE-627)1382815379 
035 |a (DE-576)312815379 
035 |a (DE-599)BSZ312815379 
040 |a DE-627  |b ger  |c DE-627  |e rakwb 
041 |a eng 
100 1 |a Thornberry, Terence P.  |0 (DE-588)1046321439  |0 (DE-627)776095838  |0 (DE-576)167551507  |4 aut 
109 |a Thornberry, Terence P.  |a Thornberry, Terence Patrick  |a Thornberry, Terence 
245 1 0 |a Explaining multiple patterns of offending across the life course and across generations  |c Terence P. Thornberry 
264 1 |c 2005 
336 |a Text  |b txt  |2 rdacontent 
337 |a ohne Hilfsmittel zu benutzen  |b n  |2 rdamedia 
338 |a Band  |b nc  |2 rdacarrier 
773 0 8 |i In  |t Developmental criminology and its discontents  |d Thousand Oaks, Calif. [u.a.] : SAGE Publ., 2005  |g (2005), Seite 156-195  |h 307 S.  |w (DE-627)1191126870  |w (DE-576)121126870  |7 nnam 
773 1 8 |g year:2005  |g pages:156-195 
951 |a AR 
ELC |b 1 
LOK |0 000 xxxxxcx a22 zn 4500 
LOK |0 001 2614073709 
LOK |0 003 DE-627 
LOK |0 004 1382815379 
LOK |0 005 20251016151539 
LOK |0 008 091109||||||||||||||||ger||||||| 
LOK |0 040   |a DE-21-110  |c DE-627  |d DE-21-110 
LOK |0 689   |a s  |a Lebenslauf 
LOK |0 689   |a s  |a Generationen 
LOK |0 689   |a s  |a Interaktionstheorie 
LOK |0 689   |a s  |a Alter 
LOK |0 852   |a DE-21-110 
LOK |0 852 1  |m p  |9 00 
LOK |0 935   |a tre1 
LOK |0 938   |k p 
LOK |0 939   |a 09-11-09  |b l01 
ORI |a SA-MARC-krimdoka001.raw